| Tag |
First Indicator |
Second Indicator |
Subfields |
| LEADER |
00000cam a22000001 4500 |
| 001 |
in00002783895 |
| 005 |
20151202171835.0 |
| 008 |
780208s1965 dcuab b f000 0 eng |
| 010 |
|
|
|a gs 65000396
|
| 019 |
|
|
|a 614618370
|
| 035 |
|
|
|a (OCoLC)ocm03617918
|
| 035 |
|
|
|a (OCoLC)3617918
|z (OCoLC)614618370
|
| 040 |
|
|
|a DLC
|b eng
|c CSU
|d DLC
|d IAS
|d MTG
|d UtOrBLW
|
| 042 |
|
|
|a premarc
|
| 043 |
|
|
|a n-usp--
|a n-mx---
|
| 049 |
|
|
|a TXAM
|
| 050 |
0 |
0 |
|a QE75
|b .P9 no. 441
|
| 082 |
0 |
4 |
|a 553.7
|
| 086 |
0 |
|
|a I 19.16:441/
|
| 100 |
1 |
|
|a Iorns, W. V.
|q (William Vaughn),
|d 1906-
|
| 245 |
1 |
0 |
|a Water resources of the Upper Colorado River Basin :
|b technical report /
|c by W. V. Iorns, C. H. Hembree and G. L. Oakland.
|
| 264 |
|
1 |
|a Washington :
|b U.S. Govt. Print. Off,
|c 1965.
|
| 300 |
|
|
|a 1 volume (various pagings) :
|b illustrations, maps and portfolio (9 folded color maps) ;
|c 29 cm.
|
| 336 |
|
|
|a text
|b txt
|2 rdacontent
|
| 337 |
|
|
|a unmediated
|b n
|2 rdamedia
|
| 338 |
|
|
|a volume
|b nc
|2 rdacarrier
|
| 490 |
1 |
|
|a Geological Survey (U.S.). Professional paper ;
|v 441
|
| 500 |
|
|
|a Contains sections A to E, each with special t. p.
|
| 504 |
|
|
|a Includes bibliographies.
|
| 650 |
|
0 |
|a Groundwater
|z Colorado River Watershed (Colo.-Mexico)
|
| 650 |
|
0 |
|a Water-supply
|z Colorado River Watershed (Colo.-Mexico)
|
| 650 |
|
0 |
|a Water
|x Composition.
|
| 700 |
1 |
|
|a Hembree, C. H.
|q (Charles Herbert),
|d 1915-
|e author.
|
| 700 |
1 |
|
|a Oakland, G. L.
|q (Godfrey L.),
|d 1900-
|e author.
|
| 830 |
|
0 |
|a Professional paper (Geological Survey (U.S.)) ;
|v 441.
|
| 948 |
|
|
|a cataloged
|b h
|c 2012/12/13
|d c
|e mvaldespin
|f 12:05:15 pm
|
| 994 |
|
|
|a C0
|b TXA
|
| 999 |
|
|
|a MARS
|
| 999 |
f |
f |
|s 289a2993-c33a-3afd-9a85-65147749030b
|i 35eb979b-5e39-38d0-8cad-385ba92af407
|t 0
|
| 952 |
f |
f |
|p normal
|a Texas A&M University
|b College Station
|c Sterling C. Evans Library
|d Evans: US Documents (Annex 5th floor)
|t 0
|e I 19.16:441
|h Superintendent of Documents classification
|i unmediated -- volume
|m A14839363050
|
| 998 |
f |
f |
|a I 19.16:441
|t 0
|l Evans: US Documents (Annex 5th floor)
|